| 000 | 00619nam a2200241Ia 4500 | ||
|---|---|---|---|
| 005 | 20260306150630.0 | ||
| 008 | 008 260114s9999 xx 000 0 eng d | ||
| 020 | _a9780871693730 | ||
| 037 | _aEbook | ||
| 040 | _aCRL | ||
| 040 | _beng | ||
| 040 | _cCRL | ||
| 041 | _2eng | ||
| 041 | _aeng | ||
| 084 | _qCRL | ||
| 245 | 0 | _aPlanetary, Lunar, and Solar Positions, New and Full Moons, A.D. 1650-1805 | |
| 260 | _bThe American Philosophical Society Press | ||
| 260 | _c1983 | ||
| 650 | _aPhysics | ||
| 856 | _uhttps://www.degruyter.com/isbn/9780871693730 | ||
| 942 | _cEBOOK | ||
| 999 |
_c1698323 _d1698323 |
||